00899nam a22002417a 45000010005000000030006000050050017000110080041000280200018000690400029000870500009001160820010001251000020001352450059001552600038002143000058002524900039003105050007003495200220003565210019005765210018005956500044006137075FISKH20250620092855.0250620b cb ||||| |||| 00| 0 eng d a9780545065931 aFISKHbengcFISKHdFISKH aPZ7  a597.9 aLee, Quinlan B. aThe magic school bus getsso cold! /cby Quinlan B. Lee aNew York ; bScholastic, c2008.  a16 unnumbered pages : bcolor illustrations ; c20 cm aPhonics Reading Program :vBook 9. aE  aThe Magic School Bus can transform into any shape to take Ms. Frizzle and her class on amazing field trips!. Climb aboard the Magic School Bus to learn about the North Pole and to read words with the long "o" sound.8 a220 bLexile 8 aE bRaz-Plus  aLong ovArctic animalsxPhonicsyWinter